NHL Arenas 2017-18 - Statistics

General Stats
  • This quiz has been taken 9 times
  • The average score is 24 of 31
Answer Stats
Division Team Answer % Correct
Atlantic Tampa Bay Lightning Amalie Arena
100%
Central Dallas Stars American Airlines Center
100%
Pacific Anaheim Ducks Honda Center
100%
Metropolitan New York Rangers Madison Square Garden
100%
Central Colorado Avalanche Pepsi Center
100%
Atlantic Boston Bruins TD Garden
100%
Pacific Vegas Golden Knights T-Mobile Arena
100%
Atlantic Florida Panthers BB&T Center
88%
Central Nashville Predators Bridgestone Arena
88%
Metropolitan Washington Capitals Capital One Arena
88%
Metropolitan New Jersey Devils Prudential Center
88%
Pacific Vancouver Canucks Rogers Arena
88%
Pacific Calgary Flames Scotiabank Saddledome
88%
Pacific Los Angeles Kings STAPLES Center
88%
Central Chicago Blackhawks United Center
88%
Central Minnesota Wild Xcel Energy Center
88%
Metropolitan Carolina Hurricanes PNC Arena
75%
Pacific San Jose Sharks SAP Center
75%
Metropolitan Philadelphia Flyers Wells Fargo Center
75%
Metropolitan New York Islanders Barclays Center
63%
Atlantic Montréal Canadiens Centre Bell
63%
Pacific Arizona Coyotes Gila River Arena
63%
Atlantic Buffalo Sabres KeyBank Center
63%
Atlantic Detroit Red Wings Little Caesars Arena
63%
Metropolitan Columbus Blue Jackets Nationwide Arena
63%
Metropolitan Pittsburgh Penguins PPG Paints Arena
63%
Central St. Louis Blues Scottrade Center
63%
Atlantic Toronto Maple Leafs Air Canada Centre
50%
Central Winnipeg Jets Bell MTS Place
50%
Atlantic Ottawa Senators Canadian Tire Centre
50%
Pacific Edmonton Oilers Rogers Place
50%
No matching quizzes found
Score Distribution
Percent of People with Each Score
Percentile by Number Answered
Your Score History
You have not taken this quiz